El Evangelio como horizonte : subvertir la historia /
Obra en tres volúmenes del teólogo español Banjamín Forcano, sacerdote claretiano, expulsado de su orden religiosa por su ideología disidente respecto a posiciones oficiales de la Iglesia, sobre todo en el campo de la moral sexual. En el tercer volumen hace un replanteamiento de algunos temas histór...
Na minha lista:
| Autor principal: | |
|---|---|
| Formato: | Livro |
| Idioma: | espanhol |
| Publicado em: |
Madrid, España :
Nueva Utopía,
1999, c1999
|
| Assuntos: | |
| Tags: |
Sem tags, seja o primeiro a adicionar uma tag!
|
MARC
| LEADER | 00000nam^a2200000^a^4500 | ||
|---|---|---|---|
| 001 | 000374122 | ||
| 005 | 20250521000000.0 | ||
| 009 | 20260310120118.566 | ||
| 020 | |a 84-87264-64-6 | ||
| 020 | |a 84-87264-67-0 | ||
| 025 | |a Donación Juan Diego Castillo, 1 ejemplar | ||
| 037 | |a Acervo ITESO - Biblioteca | ||
| 041 | |a ESP | ||
| 082 | |a 261. |b FOR V. 3 | ||
| 100 | |a Forcano, Benjamín |e (autor) | ||
| 240 | 1 | 4 | |a [El Evangelio como horizonte] |
| 245 | 1 | 3 | |a El Evangelio como horizonte : |b subvertir la historia / |c B. Forcano. |
| 264 | 4 | |a Madrid, España : |b Nueva Utopía, |c 1999, c1999 | |
| 300 | |a 382 p. | ||
| 336 | |a texto |b txt |2 rdacontenido | ||
| 337 | |a sin mediación |b n |2 rdamedio | ||
| 338 | |a volumen |b nc |2 rdasoporte | ||
| 520 | |a Obra en tres volúmenes del teólogo español Banjamín Forcano, sacerdote claretiano, expulsado de su orden religiosa por su ideología disidente respecto a posiciones oficiales de la Iglesia, sobre todo en el campo de la moral sexual. En el tercer volumen hace un replanteamiento de algunos temas históricamente relevantes en la Iglesia, como son la presencia del ateísmo, la secularización, la perspectiva de los vencidos, la teología de la liberación, la ética revolucionaria, los lugares prioritarios del compromiso cristiano, el despotismo, la conciencia, la aversión del cristianismo al placer, lo masculino y lo femenino; se plantean luego algunos temas como el sacerdocio femenino, los clérigos casados, así como otros temas que se han debatido en el campo de la moral cristiana, como la homosexualidad, el aborto y la eutanasia. Concluye proponiendo, a manera de perspectiva, una nueva moral de pareja y claves éticas de sexualidad humana. | ||
| 649 | |a XX | ||
| 650 | |a Libertad | ||
| 650 | |a Alienación | ||
| 650 | |a Tolerancia e Intolerancia | ||
| 650 | |a Homosexualidad | ||
| 650 | |a Aborto | ||
| 650 | |a Eutanasia | ||
| 650 | |a Sacerdocio | ||
| 650 | |a Etica Sexual - |x Tema Principal | ||
| 650 | |a Etica Cristiana - |x Tema Principal | ||
| 650 | |a Teología de la Liberación | ||
| 650 | |a Teología | ||
| 650 | |a Filosofía | ||
| 650 | |a Catolicismo | ||
| 650 | |a Cristianismo | ||
| 650 | |a Religión | ||
| 600 | |a Che Guevara | ||
| 910 | |a Fondo Castillo-Martínez | ||
| 920 | |a Impresos - Libros | ||
| 930 | |a Fondos Especiales | ||
| 905 | |a 127 | ||
| 901 | |a 0500267884 |b IT2 |c ESP |i D |u 20250521 | ||
| 902 | |a https://opac.biblio.iteso.mx/vufind/Record/000374122 | ||